Govt. of
Madhya Pradesh

Child Psychology (Record no. 61049)

MARC details
000 -LEADER
fixed length control field 00351nam a22001457a 4500
003 - CONTROL NUMBER IDENTIFIER
control field MACL
005 - DATE AND TIME OF LATEST TRANSACTION
control field 20190920151938.0
008 - FIXED-LENGTH DATA ELEMENTS--GENERAL INFORMATION
fixed length control field 190920b xxu||||| |||| 00| 0 eng d
040 ## - CATALOGING SOURCE
Transcribing agency MACL
100 ## - MAIN ENTRY--PERSONAL NAME
Personal name Khanam, Mahjabeen
9 (RLIN) 76719
245 ## - TITLE STATEMENT
Title Child Psychology
260 ## - PUBLICATION, DISTRIBUTION, ETC. (IMPRINT)
Place of publication, distribution, etc. Delhi
Name of publisher, distributor, etc. Ane Books
Date of publication, distribution, etc. 2018
650 ## - SUBJECT ADDED ENTRY--TOPICAL TERM
Topical term or geographic name as entry element Psychology
9 (RLIN) 76720
942 ## - ADDED ENTRY ELEMENTS (KOHA)
Source of classification or shelving scheme
Koha item type Books
Holdings
Withdrawn status Lost status Source of classification or shelving scheme Damaged status Not for loan Home library Current library Date acquired Cost, normal purchase price Total Checkouts Total Renewals Full call number Barcode Date last seen Date last checked out Price effective from Koha item type
          MACL MACL 20/09/2019 1495.00 1 1 150/KHA CRE037040 04/09/2024 06/08/2024 20/09/2019 Books